000 00967nam a2200253 i 4500
001 bg
100 1 _aBIESIEKIERSKI, Tadeusz
245 1 0 _aArchitektura na obszarze Sudetów =
_bArchitektur in der Sudetenregion : Sudety Środkowe, Wschodnie i Przedgórze Sudeckie /
_cTadeusz Biesiekierski, Jacek Suchodolski, Elżbieta Trocka-Leszczyńska ; ze zdjęciami Elżbiety Trockiej-Leszczyńskiej.
246 1 1 _aArchitektur in der Sudetenregion
260 _aWrocław :
_bOficyna Wydawnicza Politechniki Wrocławskiej,
_c1999.
300 _a494, [2] s. :
_bfot. kolor., mapy ;
_c29 cm.
504 _aBiblogr.s.117-123.
651 9 _aSudety
_xbudownictwo
_xhistoria
_zPolska
655 _aAlbumy
700 1 _aSUCHODOLSKI, Jacek
700 1 _aTROCKA-LESZCZYŃSKA, Elżbieta
020 _a8370854060
040 _cBPK
041 w _aplde
080 _a72(438)(091)(02.025.2)
920 _a83-7085-406-0
942 _cKS
008 s pl f |000 0 pol
999 _c36162
_d36162
856 _uhttp://koha.tu.koszalin.pl/cgi-bin/koha/opac-detail.pl?biblionumber=36162
_yKatalog online BPK